[Event "Carvalho Memorial op"]
[Site "Juazeiro do Norte"]
[Date "2012.10.13"]
[Round "4"]
[White "Dos Santos, Fabio Pires"]
[Black "Lemos, Dawton Almino"]
[Result "1-0"]
[WhiteElo "2083"]
[BlackElo "1971"]
[PlyCount "97"]
[EventDate "2012.10.12"]
[EventType "swiss"]
[EventRounds "6"]
[EventCountry "BRA"]
[SourceTitle "EXT 2013"]
[Source "ChessBase"]
[SourceDate "2012.11.22"]
[SourceVersion "1"]
[SourceVersionDate "2012.11.22"]
[SourceQuality "1"]

1. d4 Nf6 2. c4 g6 3. Nc3 Bg7 4. e4 d6 5. f3 0-0 6. Be3 e5 7. Nge2 c6 8. Qd2 a6 9. 0-0-0 Nbd7 10. Kb1 Qc7 11. h4 b5 12. g4 Qa5 13. Nc1 Rb8 14. Nb3 Qc7 15. c5 Re8 16. h5 dxc5 17. dxc5 Nf8 18. hxg6 fxg6 19. Qh2 Be6 20. Be2 Qf7 21. Kc2 Bxb3+ 22. axb3 a5 23. Rd3 a4 24. Na2 Rbd8 25. Rc3 Ne6 26. bxa4 Nd4+ 27. Kb1 Ra8 28. Bd1 bxa4 29. Bxd4 exd4 30. Ra3 Rab8 31. Bxa4 Bf8 32. Bxc6 Rec8 33. g5 Bxc5 34. gxf6 Bxa3 35. Bd5 Rxb2+ 36. Qxb2 Bxb2 37. Bxf7+ Kxf7 38. Rxh7+ Kxf6 39. Kxb2 Rd8 40. Kc2 Ke5 41. Kd3 Rf8 42. Rh3 Ra8 43. Nb4 Ra3+ 44. Kd2 Kd6 45. Rg3 Kc5 46. Nd3+ Kc4 47. Ne5+ Kb4 48. Nxg6 Ra5 49. Kd3 1-0

[Event "Carvalho Memorial op"]
[Site "Juazeiro do Norte"]
[Date "2012.10.12"]
[Round "1"]
[White "Paiva, Paulo Ricardo Gonca"]
[Black "Dos Santos, Fabio Pires"]
[Result "0-1"]
[WhiteElo "1873"]
[BlackElo "2083"]
[PlyCount "57"]
[EventDate "2012.10.12"]
[EventType "swiss"]
[EventRounds "6"]
[EventCountry "BRA"]
[SourceTitle "EXT 2013"]
[Source "ChessBase"]
[SourceDate "2012.11.22"]
[SourceVersion "1"]
[SourceVersionDate "2012.11.22"]
[SourceQuality "1"]

1. e4 e6 2. d4 d5 3. e5 c5 4. Nf3 Nc6 5. Bb5 Bd7 6. Bxc6 bxc6 7. Be3 Qb6 8. b3 cxd4 9. Bxd4 c5 10. Bb2 Bb5 11. Nc3 Qa5 12. Qd2 Ba6 13. 0-0-0 c4 14. Nd4 Rc8 15. Kb1 Bb4 16. Rde1 cxb3 17. Nxb3 Qd8 18. Qd4 Rc4 19. Qxa7 Qc8 20. Re3 Ne7 21. Rd3 Nc6 22. Qb6 Nd4 23. Nxd4 Bc5 24. Qa5 Bxd4 25. Nb5 Bxb5 26. Qxb5+ Qd7 27. Rb3 Bxb2 28. Rxb2 Qxb5 29. Rxb5 0-1

[Event "Petrolina Sanfranciscano"]
[Site "Petrolina"]
[Date "2012.07.08"]
[Round "5"]
[White "Coelho, Ramyres Santana"]
[Black "Dos Santos, Fabio Pires"]
[Result "1/2-1/2"]
[WhiteElo "1826"]
[BlackElo "2096"]
[PlyCount "94"]
[EventDate "2012.07.06"]
[EventType "tourn"]
[EventRounds "9"]
[EventCountry "BRA"]
[SourceTitle "EXT 2014"]
[Source "ChessBase"]
[SourceDate "2013.11.20"]
[SourceVersion "1"]
[SourceVersionDate "2013.11.20"]
[SourceQuality "1"]

1. d4 Nf6 2. Nf3 d5 3. Bf4 c6 4. h3 Bf5 5. e3 Qb6 6. Qc1 e6 7. Be2 Nbd7 8. 0-0 Be7 9. Nbd2 0-0 10. Nh4 Bg6 11. Nxg6 hxg6 12. c3 c5 13. Rb1 Bd6 14. Bxd6 Qxd6 15. f4 Rfc8 16. Qe1 Rc7 17. Kh1 Rac8 18. Qf2 Rb8 19. g4 b5 20. f5 gxf5 21. gxf5 exf5 22. Qxf5 Qe6 23. Qf3 b4 24. Rg1 Rcb7 25. c4 Re8 26. Rg3 cxd4 27. Qg2 g6 28. Rg1 Nf8 29. cxd5 Nxd5 30. Bc4 Nxe3 31. Qxb7 Nxc4 32. Nxc4 Qxc4 33. b3 Qe6 34. Qxb4 Qd5+ 35. Kh2 Ne6 36. Qd2 Nc5 37. Qf4 Re2+ 38. R1g2 d3 39. Rxe2 dxe2 40. Re3 Nd3 41. Qb8+ Kh7 42. Rxe2 Qf3 43. Qe8 Qf4+ 44. Kg2 Qg5+ 45. Kh1 Qc1+ 46. Kh2 Qf4+ 47. Kg1 Qc1+ 1/2-1/2

[Event "Carvalho Memorial op"]
[Site "Juazeiro do Norte"]
[Date "2011.10.16"]
[Round "5.4"]
[White "Dos Santos, Fabio Pires"]
[Black "Siqueira, Alexandre Carneiro"]
[Result "1-0"]
[WhiteElo "2043"]
[BlackElo "2190"]
[PlyCount "137"]
[EventDate "2011.10.14"]
[EventType "swiss"]
[EventRounds "6"]
[EventCountry "BRA"]
[SourceTitle "EXT 2012"]
[Source "ChessBase"]
[SourceDate "2011.11.24"]
[SourceVersion "1"]
[SourceVersionDate "2011.11.24"]
[SourceQuality "1"]

1. d4 d5 2. c4 e6 3. Nc3 Nf6 4. Bg5 Be7 5. e3 c6 6. Bd3 Nbd7 7. Nf3 dxc4 8. Bxc4 Nd5 9. Bxe7 Nxc3 10. Bxd8 Nxd1 11. Rxd1 Kxd8 12. 0-0 Nb6 13. Bb3 Ke7 14. Rd2 a5 15. a3 a4 16. Ba2 Ra5 17. Rc1 Rd8 18. Rdc2 Rb5 19. h3 h6 20. Ne5 f6 21. Ng6+ Kf7 22. Nf4 Nd5 23. Nd3 Ra5 24. Nc5 b6 25. Nd3 Bd7 26. Bxd5 exd5 27. Nb4 Rb5 28. Rc3 Kg6 29. R1c2 Bf5 30. Rd2 c5 31. dxc5 bxc5 32. Nxd5 Kf7 33. f3 Be6 34. e4 Bxd5 35. exd5 Ke7 36. Rc4 Ra5 37. Re4+ Kd7 38. Kf2 Re8 39. Rxe8 Kxe8 40. Ke3 Kd7 41. Kd3 Ra8 42. Kc4 Kd6 43. Re2 Rb8 44. f4 f5 45. g4 fxg4 46. hxg4 Rf8 47. f5 h5 48. Re6+ Kd7 49. Rg6 hxg4 50. Rxg7+ Kd6 51. Rxg4 Rxf5 52. Rg6+ Kd7 53. Kxc5 Rf2 54. Rb6 Rc2+ 55. Kd4 Rd2+ 56. Kc4 Rc2+ 57. Kd3 Rc5 58. Kd4 Rc2 59. Rb4 Rd2+ 60. Kc5 Rc2+ 61. Kb5 Kd6 62. Kxa4 Kxd5 63. Rb8 Kd6 64. b4 Kc7 65. Rh8 Rg2 66. Rh6 Rg4 67. Ka5 Kb7 68. b5 Rg8 69. Rh7+ 1-0

[Event "Carvalho Memorial op"]
[Site "Juazeiro do Norte"]
[Date "2011.10.16"]
[Round "6.4"]
[White "Ribeiro, Matheus Cavalcante"]
[Black "Dos Santos, Fabio Pires"]
[Result "1-0"]
[WhiteElo "2130"]
[BlackElo "2043"]
[PlyCount "62"]
[EventDate "2011.10.14"]
[EventType "swiss"]
[EventRounds "6"]
[EventCountry "BRA"]
[SourceTitle "EXT 2012"]
[Source "ChessBase"]
[SourceDate "2011.11.24"]
[SourceVersion "1"]
[SourceVersionDate "2011.11.24"]
[SourceQuality "1"]

1. e4 e6 2. d4 d5 3. Nc3 Nf6 4. Bg5 Be7 5. e5 Ng8 6. Be3 c5 7. Qg4 g6 8. dxc5 Nd7 9. Bb5 Qc7 10. Qd4 f6 11. f4 Kf7 12. Bxd7 Bxd7 13. Nf3 Nh6 14. exf6 Bxf6 15. Ne5+ Kg7 16. 0-0-0 Nf5 17. Qd2 Nxe3 18. Qxe3 Bxe5 19. fxe5 Rac8 20. Ne2 Qxc5 21. Nd4 Rhf8 22. h4 h6 23. h5 g5 24. Qd3 Rf2 25. Rhf1 Rcf8 26. Qg6+ Kh8 27. Qxh6+ Kg8 28. Qxg5+ Kh8 29. Rxf2 Rxf2 30. Qd8+ Qf8 31. Qxf8+ Rxf8 1-0

[Event "Juazeiro op"]
[Site "Juazeiro do Norte"]
[Date "2011.07.24"]
[Round "6"]
[White "Dos Santos, Fabio Pires"]
[Black "Brandao, Marcius Gomes"]
[Result "1-0"]
[WhiteElo "2043"]
[BlackElo "2048"]
[PlyCount "57"]
[EventDate "2011.07.21"]
[EventType "swiss"]
[EventRounds "7"]
[EventCountry "BRA"]
[SourceTitle "EXT 2012"]
[Source "ChessBase"]
[SourceDate "2011.11.24"]
[SourceVersion "1"]
[SourceVersionDate "2011.11.24"]
[SourceQuality "1"]

1. d4 Nf6 2. c4 c5 3. e3 g6 4. Nf3 Bg7 5. Nc3 0-0 6. Be2 cxd4 7. exd4 d5 8. 0-0 Nc6 9. Be3 Bg4 10. h3 Bf5 11. Re1 dxc4 12. Bxc4 Na5 13. Bf1 Nd5 14. Bg5 Nc6 15. Bb5 Re8 16. Ne5 Nxe5 17. Bxe8 Nc6 18. Bxc6 bxc6 19. Qb3 Rb8 20. Nxd5 cxd5 21. Bxe7 Qc7 22. Qc3 Qf4 23. Rad1 h5 24. b4 Be4 25. Qe3 Qc7 26. Bc5 Kh7 27. f3 Bf5 28. Qe7 Qg3 29. Bd6 1-0

[Event "Juazeiro op"]
[Site "Juazeiro do Norte"]
[Date "2011.07.24"]
[Round "7"]
[White "Dos Santos, Fabio Pires"]
[Black "De Oliveira, Hebert Silva"]
[Result "1-0"]
[WhiteElo "2043"]
[BlackElo "2129"]
[PlyCount "106"]
[EventDate "2011.07.21"]
[EventType "swiss"]
[EventRounds "7"]
[EventCountry "BRA"]
[SourceTitle "EXT 2012"]
[Source "ChessBase"]
[SourceDate "2011.11.24"]
[SourceVersion "1"]
[SourceVersionDate "2011.11.24"]
[SourceQuality "1"]

1. d4 d5 2. c4 c6 3. Nc3 e6 4. e3 Nf6 5. Nf3 Nbd7 6. Bd3 Be7 7. 0-0 0-0 8. b3 b6 9. Bb2 Bb7 10. cxd5 exd5 11. Rc1 Bd6 12. e4 dxe4 13. Nxe4 Bf4 14. Rc2 Nxe4 15. Bxe4 Re8 16. Re1 Nf6 17. Bd3 Nd5 18. Rce2 Qf6 19. Ne5 Qh6 20. g3 Bxe5 21. Rxe5 g6 22. Qe2 Qh3 23. Be4 Rab8 24. Bg2 Qc8 25. Bxd5 cxd5 26. Ba3 Rd8 27. Re7 Qf5 28. Qb5 h5 29. h4 Kg7 30. Bc1 Bc8 31. Bf4 Ra8 32. Be5+ Kh7 33. Qc6 Ba6 34. Qf6 Qxf6 35. Bxf6 Kg8 36. Rxa7 Rxa7 37. Bxd8 Bd3 38. a4 Bc2 39. Re3 Rb7 40. Bf6 Kf8 41. Rc3 Bf5 42. Rc6 Be6 43. Rd6 Rb8 44. b4 Ke8 45. a5 bxa5 46. bxa5 Bf5 47. Rxd5 Rb1+ 48. Kh2 Rh1+ 49. Kxh1 Be4+ 50. Kg1 Bxd5 51. a6 Kd7 52. a7 Kc8 53. Be7 Kd7 1-0

[Event "Petrolina Cordioli Memorial op"]
[Site "Petrolina"]
[Date "2007.10.18"]
[Round "1"]
[White "Bandeira, Carlos Frederico"]
[Black "Dos Santos, Fabio Pires"]
[Result "0-1"]
[WhiteElo "1800"]
[BlackElo "1852"]
[PlyCount "39"]
[EventDate "2007.10.09"]
[EventType "swiss"]
[EventRounds "7"]
[EventCountry "BRA"]
[SourceTitle "EXT 2022"]
[Source "ChessBase"]
[SourceDate "2021.10.06"]
[SourceVersion "1"]
[SourceVersionDate "2021.10.06"]
[SourceQuality "1"]

1. e4 e6 2. d4 d5 3. exd5 exd5 4. Nf3 Nf6 5. Bg5 Bb4+ 6. c3 Bd6 7. h3 0-0 8. Be2 Re8 9. 0-0 Bf5 10. Nbd2 Nbd7 11. Nh4 Be6 12. f4 Nf8 13. Ndf3 h6 14. Bxf6 Qxf6 15. f5 Bxf5 16. Nxf5 Qxf5 17. Bd3 Qh5 18. Nh2 Qxd1 19. Raxd1 Bxh2+ 20. Kxh2 0-1